| 000 | 00500cam a2200193ua 4500 | ||
|---|---|---|---|
| 020 |
_a0 07 451756 2 _c28.50 |
||
| 041 |
_aeng _h |
||
| 082 |
_a631.587 _bMAZ/IR |
||
| 100 | _aMazumder, S K . | ||
| 245 |
_aIrrigation engineering / _cS K Masumder. _hTextual Documents |
||
| 250 |
_a1 / _b. |
||
| 260 |
_aNew Delhi : _bTata Mc-Graw Hill Publishing Company , _c1983. |
||
| 300 | _a306 ; . | ||
| 365 | _a28.50 | ||
| 504 | _a | ||
| 942 | _cBK | ||
| 999 |
_c7287 _d7287 |
||